Zmeny v spotrebiteľských trendoch podmienené dosahmi finančno-hospodárskej (spoločenskej) krízy, ich odraz v modifikáciách marketingových programov podnikateľských subjektov v snahe udržania ich konkurencieschopnosti na medzinárodných trhoch - zhodnotenie priebehu riešenia projektu VEGA 1/1185/12
Zmeny v správaní spotrebiteľov v Európe. Obdobie predkrízové, roky 2006-2008. Obdobie nástupu a prehlbovania krízy, roky 2009-2012. Obdobie recesie - pretrvávanie následkov krízy s náznakom začiatkov ozdravovania, rok 2013 až po súčasnosť. Ako prebieha vývoj spotrebiteľského správania a aké sú jeho...
Salvato in:
| Autore principale: | |
|---|---|
| Natura: | Capitolo di libro |
| Lingua: | slovacco |
| Soggetti: | |
| Tags: |
Nessun Tag, puoi essere il primo ad aggiungerne!!
|
MARC
| LEADER | 00000naa$a2200000$$$4500 | ||
|---|---|---|---|
| 001 | 0195938 | ||
| 005 | 20240502073311.0 | ||
| 041 | 0 | |a slo | |
| 044 | |a SK | ||
| 245 | 1 | 0 | |a Zmeny v spotrebiteľských trendoch podmienené dosahmi finančno-hospodárskej (spoločenskej) krízy, ich odraz v modifikáciách marketingových programov podnikateľských subjektov v snahe udržania ich konkurencieschopnosti na medzinárodných trhoch - zhodnotenie priebehu riešenia projektu VEGA 1/1185/12 |c Otília Zorkóciová |
| 520 | |a Zmeny v správaní spotrebiteľov v Európe. Obdobie predkrízové, roky 2006-2008. Obdobie nástupu a prehlbovania krízy, roky 2009-2012. Obdobie recesie - pretrvávanie následkov krízy s náznakom začiatkov ozdravovania, rok 2013 až po súčasnosť. Ako prebieha vývoj spotrebiteľského správania a aké sú jeho predikcie pre ďalšie obdobie. | ||
| 610 | 2 | 0 | |a spotrebitelia |
| 610 | 2 | 0 | |a správanie spotrebiteľa |
| 610 | 2 | 0 | |a nákup |
| 610 | 2 | 0 | |a projekty |
| 610 | 2 | 0 | |a vývoj |
| 610 | 2 | 0 | |a Európa |
| 610 | 2 | 0 | |a Slovensko |
| 100 | 1 | |a Zorkóciová, Otília, 1954- | |